MDQL
is popping MORE tags! Check the
thread
!
Quizzes
Events
Quiz Creation
Community
Videos
Private Events
Remove Ads
Sign In
Join for FREE
Feedback
Dark Mode
Quiz Categories
Sports
Geography
Music
Movies
Television
Just For Fun
Miscellaneous
History
Literature
Language
Science
Gaming
Entertainment
Religion
Holiday
For Kids
Quiz Lab
Recent
Popular Today
Quiz Kudos Today
Editor Picks
Curator Picks
Quizzes by...
Day
Popularity
Type
Ratings
Length
Year
Community
Subscriptions
Recent Discussions
Orange Saloon
Badges
Playlists
Quests
Create
Leaderboards
Showdown
Live 5
Trivia Bingo
Activity
Puzzle Library
Sporcle Events
Private Events
Virtual Trivia
Globe League
Become a Host
Pub Owners
SporcleCon
Opinionation
Our Games
Videos
Blog
Mobile Apps
Partnerships
Remove Ads and Go Orange
Feedback
Sports
Athletes
MLB
NBA
NHL
NFL
Soccer
Sports Teams
WWE
NCAA
Football
Premier League
Basketball
Baseball
Hockey
Golf
Tennis
Cricket
Rugby
Auto Racing
Olympics
World Cup
Sports
Athletes
MLB
NBA
NHL
NFL
Soccer
Sports Teams
WWE
NCAA
Football
Premier League
Basketball
Baseball
Hockey
Golf
Tennis
Cricket
Rugby
Auto Racing
Olympics
World Cup
Random Quiz
Search Sporcle
×
Quiz Lab
Quiz Lab
Sports
Premier League
Type in answers that appear in a list
Type in answers that appear in a list
Classic
Best Score? Go Orange.
Premiership Player by Picture 2 Stats
Can you name the Premiership Player by Picture 2?
By
suspence
10m
50 Questions
297 Plays
297 Plays
297 Plays
Comments
Comments
Give Quiz Kudos
Give Quiz Kudos
-
- Ratings
hide this ad
Forced Order
Answers have to be entered in order
Answers have to be entered in order
Replay
Link that replays current quiz
Next Quiz
Link to next quiz in quiz playlist
You Got
0%
They Got
Avg Score
59%
Avg Friend Score
Upgrade to see
Score Distribution
Jump to the score distribution portion of the page
Score
0/50
Timer
10:00
0
Plays Today
Number
Player
% Correct
36
Alex
83.5%
12
Jonny Evans
81.5%
27
Mikel Arteta
80.5%
14
Steed Malbranque
78.8%
20
ElHadji Diouf
78.8%
21
Mario Melchiot
78.8%
38
Carlos Vela
78.8%
24
Federico Macheda
78.5%
44
Boudewijn Zenden
78.1%
40
Matthew Upson
76.8%
25
Michael Dawson
76.1%
49
Gabriel Obertan
75.1%
3
Paulo Ferreira
74.7%
22
Jonathan Greening
74.7%
32
Ben Foster
74.4%
17
Titus Bramble
72.4%
10
Martin Petrov
72.1%
18
Daniel Agger
70%
41
George Boateng
70%
43
Brede Hangeland
69.4%
46
Carlos Cuellar
69%
26
Danny Welbeck
68.4%
47
Daniel Sturridge
68.4%
4
Zoltan Gera
67.7%
30
Gael Clichy
67.3%
Number
Player
% Correct
35
Sylvain Distin
67.3%
15
Giovanni dosSantos
66%
7
Graham Alexander
65.3%
48
Pablo Zabaleta
65.3%
45
Alan Hutton
59.6%
34
Lee Cattermole
59.3%
23
Juliano Belletti
57.9%
31
David Ngog
55.2%
50
Gavin McCann
52.5%
8
Habib Beye
49.8%
11
Hermann Hreidarsson
48.8%
13
Danny Higginbotham
45.8%
1
Vito Mannone
45.1%
9
Daniel Cousin
44.8%
6
James Vaughan
43.1%
5
Pascal Chimbonda
41.8%
2
Tamir Cohen
39.1%
19
Andy Dawson
35%
16
Jonathan Spector
32.3%
28
Jason Scotland
31.3%
39
Brad Guzan
27.3%
29
Asmir Begovic
21.5%
33
Anthony Gardner
18.5%
42
Hassan Yebda
17.5%
37
Jordi Gomez
14.1%
Quiz Playlist
Details
Report
Send in Message
Add To Playlist
Classic:
Type in answers that appear in a list
Forced Order:
Answers have to be entered in order
Quiz Source
Last Updated: Apr 5, 2018
Quiz Scoreboard
CHALLENGE
Sign Up to Join the Scoreboard
Show All
Scores
Hide
Comments
May contain spoilers
Recently Published
Image Sorting: Flags VI
by Barbecue
Geography
2m
Find the 'City' Movie
by crazypaving
Movies
60s
Colored Red Africa Blitz
by spor1
Geography
45s
More to Explore
Quiz From the Vault
Featured Blog Post
14 Easter Pick-up Lines to Find Eggs With
hide this ad
You Might Also Like...
Tags
Numbers Quiz
Premier League Quiz
Image Quiz
Player
Today's Top Quizzes in Sports
Browse Sports
hide this ad
Today's Top Quizzes in Premier League
Browse Premier League
Top Contributed Quizzes in Sports
1
Les meilleurs buteurs des matchs entre le PSG et l’OM
2
Les entraîneurs de l'OM et du PSG au 21e siècle
3
Les joueurs passés par le PSG et l'OM
4
2022 World Cup Stars
5
Players with Multiple 50 Home Run Seasons
6
Criteria MLB: Left Handed Sluggers
7
MLB Players with Two .350 Batting Average Seasons
8
Les joueurs passés par le LOSC et le RC Lens
9
NBA Logic Puzzle 2.0
10
Top 10 NHL Goal Scorers of All Time
Explore More
Trending Topics
NBA
Harry Potter
Disney
Anime
Marvel
Kpop
Crossword
WWE
The Office
Country
Song
Pokémon
Soccer
NFL
Puzzle
hide this ad
More By:
suspence
Quiz
Plays
Rating
Category
Featured
Created
Food Cubes
378,829
4.73
Miscellaneous
May 14, 2015
First and Last Letters (5 Letter Words)
91,711
4.62
Language
Aug 4, 2010
First and Last Letters III
63,074
3.99
Language
Aug 4, 2010
5 Letter Word by Pattern
58,682
3.74
Language
Jun 30, 2010
First and Last Letters IV
53,863
4.50
Language
Aug 4, 2010
Go to Creator's Profile
Score Distribution
Quiz Creator Spotlight
suspence
Follow
Send a Message
Quizzes Created
-
Created Quiz Play Count
-
More By This Creator
Popular Quizzes Today
1
Colored Red Africa Blitz
2
Find the US States - No Outlines Minefield
3
Find the 'City' Movie
4
5x2 Blitz: Bands
5
The Countries of the World
6
Find the US States
7
Find the Countries of Europe - No Outlines Minefield
8
US States
More Sports Quizzes
1990s Chicago Bulls Top Scorers
Quiz Lab
Trending Quizzes
Colored Red Europe Blitz I
Colored Red Europe Blitz II
Colored Red Africa Blitz II
Colored Red Europe Blitz III
Colored Red Africa Blitz III
Recently Updated
How Do You Spell That?
pecheneg
Godzilla Movies
pecheneg
Grab Bag: 4-10 Letters
pecheneg
2024 March Madness Bracket
pecheneg
Famous TV Couples
Peacemaker
Champions League XIs: Real Madrid
pecheneg
Largest US Cities 1790-2010
pecheneg
Rides in Walt Disney World
pecheneg
Most Oscar Losses (Acting)
pecheneg
Beyoncé Albums
pecheneg
Trending Topics
Crossword
Marvel
NBA
Kpop
Anime
Harry Potter
Disney
Song
The Office
WWE
Pokémon
Puzzle
Country
NFL
Soccer
Your Account Isn't Verified!
In order to create a playlist on Sporcle, you need to verify the email address you used during registration. Go to your
Sporcle Settings
to finish the process.
Report this User
Report this user for behavior that violates our
Community Guidelines
.
Details:
Send Report
Go to the Sporcle.com Mobile Site →
Comments